| 000 | 01097nam a2200217Ia 4500 | ||
|---|---|---|---|
| 001 | 4363 | ||
| 003 | GE_BSU | ||
| 008 | 181216s||||||||xx |||||||||||||| ||und|| | ||
| 040 | _cGE_BSU | ||
| 080 | _a39(479.22)+689(479.22) | ||
| 245 | _aმასალები საქართველოს შინამრეწველობისა და წვრილი ხელოსნობის ისტორიისათვის. | ||
| 245 | _bივ. ჯავახიშვილის საერთო რედაქციით 5 ტომად. ტ. II. ქსოვა. ღებვა. ქარგვა. | ||
| 260 | _aთბილისი | ||
| 260 | _bმეცნიერება | ||
| 260 | _c1982 | ||
| 300 | _a317 გვ. 26 სმ. | ||
| 541 | _h6 ლ. | ||
| 653 | _aმასალები საქართველოს შინამრეწველობისა და წვრილი ხელოსნობის ისტორიისათვის. | ||
| 653 | _aქსოვა. ღებვა. ქარგვა. | ||
| 942 | _cBK | ||
| 999 |
_c38353 _d38353 |
||